00512nam a2200169 a 450000100100000000500170001000800410002702000150006804000250008308200190010810000320012724500850015925000110024426000290025530000360028470000220032000004276020201002040358.0140207s1984 sp ac 000 0 spa d a8440083149 aDO-SdBNPbspacBNPHU axxxbxxx, 19841 aMoreno Chicharro, Francisco10aCaminos de sigüenza y atienza /cFrancisco Moreno Chicharro; Sebastián Sanz. a5a ed. aMadrid :b[s.n.],c1984. a304 p. :bil., retrs. ;c20 cm.12aSanz, Sebastián